000 00640nam a2200169 a 4500
008 120416s1971 ||||||||||||||||| || u
020 _a0133081977
050 _aTK 7887 Fri
100 _aFriedman, Arthur D
245 1 0 _aFault detection in digital circuits
260 _aEnglewood Cliffs, N.J.
_bFT Prentice-Hall
_c1971
300 _axi, 220p. : ill
350 _a0.00
650 _aELECTRIC FAULT LOCATION
650 _aELECTRONIC DIGITAL COMPUTERS--CIRCUITS--TESTING
995 _D0.00
_FCBU-MAIN LIBRARY (Kitwe)
_H1
_I8.00
_UWEEDED
_VJul 26, 2017
_ZMain Library Open Access Collection
999 _c43177
_d43177